000 00498nam a2200157 a 4500
001 000038408
005 20201002031243.0
008 130411s2008 dr 000 spa d
040 _aDO-SdBNP
_bspa
_cBNPHU
082 _axxx
_bR788c
100 1 _aRosario Evangelista, Pedro
_964746
245 0 _aCalendario tecnológico de la informática :. :
_bsiglo XXI /
_cPedro Rosario Evangelista.
260 _aSanto Domingo :
_b[s.n].,
_c2008.
300 _a14 p. ;
_c14 cm.
590 _aInventariado, 2019 / DG
999 _c37898
_d37898